00294nam a22001097a 4500020001800000082001500018100001800033245006800051250001700119260003000136300001800166 a9781111640125 a005.8bCIA aCiampa, Mark  aSecurity+ Guide to Network Security Fundamentals /cMark Ciampa 84th Edition. bCengage Learning, c2011. axxvi, 608p. ;